000 00423nam a2200145Ia 4500
008 191206s9999 xx 000 0 und d
020 _a1841763950 (pbk.)
090 _aDC111/3K57
245 0 _a"French religious wars, 1562-1598"
260 _aOsprey
260 _bEssential histories (Osprey Publishing) ; 47
260 _cc2002
300 _a"96 p. : ill. (some col.), col. maps ; 25 cm."
999 _c16010
_d16010